000 00685nam a2200205Ii 4500
003 JO-AjNU
008 230605s9999||||xx |||||||||||||| ||und||
040 _aJO-AjNU
_bara
_erda
_cJO-AjNU
041 _aara
050 1 4 _aBP184.9.T6.M8332 1985
100 3 _aبن عبد الهادي، محمد بن أحمد,
_eauthor
_937023
245 0 0 _aالصارم المنكي في الرد على السبكي
250 _aط1
264 3 1 _aبيروت: دار الكتب العلمية، 1985
300 _a356ص
336 _atext
_btxt
_2rdacontent
337 _aunmediated
_bn
_2rdamedia
338 _avolume
_bnc
_2rdacarrier
650 4 _aحديث شريف- جرح وتعديل
_937024
999 _aA15433
_c19001
_d19001